00361 a2200109 4500001001000000005001700010008004100027245009800068100002100166773004700187999001700234ART_6013420260410162052.0260409a 10aLa empresa, los sistemas informáticos complejos de la inteligencia artificial y sus riesgos1 aVega, Gerardo E.0 tImpuestosg- N° 161 (dic. 2023)wREV45175 c35934d35934